[Event "1/128 Finale"]
[Site "www.chess-mail.com"]
[Date "2017.04.01"]
[Round "1"]
[White "Bluetealeaf"]
[Black "Guidom"]
[WhiteElo "1730"]
[BlackElo "2040"]
[Result "0-1"]
[Round "1"]
1.e4 e5
2.Ng1f3 Nb8c6
3.c3 d6
4.Bf1d3 Bc8g4
5.h3 Bg4h5
6.g4 Bh5g6
7.Qd1b3 Ra8b8
8.Nb1a3 Ng8f6
9.Bd3c4 Nc6a5
10.Qb3b5 c6
11.Qb5b4 d5
12.Qb4a4 b5
13.Bc4xb5 cxb5
14.Qa4c2 Bf8xa3
15.bxa3 Bg6xe4
16.Qc2d1 Be4xf3
17.Qd1xf3 e4
18.Qf3f4 O-O
19.h4 Na5c4
20.h5 Qd8d6
21.d3 exd3
22.Bc1d2 Rb8e8
23.Kd1 Re8e2
24.Qf4xd6 Re2xd2
25.Ke1 Rd2e2
26.Kf1 Nc4xd6
27.Ra1d1 Re2xa2
28.Rh1h3 Nf6xg4
29.Rh3f3 f5
30.Kg2 f4
31.Rf3h3 Ng4xf2
32.Rd1f1 Nf2xh3
33.Kxh3 Nd6e4
34.Kg4 f3
{ resign }
0-1

[Event "Eq:Slap Shot Mates-Equipo Juan Diaz : "]
[Site "www.chess-mail.com"]
[Date "2017.04.01"]
[Round "1"]
[White "Mustaphly"]
[Black "Yomismista"]
[WhiteElo "2750"]
[BlackElo "2530"]
[Result "1-0"]
[Round "1"]
1.e4 c5
2.Ng1f3 d6
3.d4 cxd4
4.Nf3xd4 Ng8f6
5.Nb1c3 e6
6.Bc1e3 Bf8e7
7.f3 Nb8c6
8.Qd1d2 O-O
9.O-O-O d5
10.Bf1e2  { time }
1-0

[Event "Tourn. n9219"]
[Site "www.chess-mail.com"]
[Date "2017.04.02"]
[Round "1"]
[White "Pdebonis"]
[Black "Mdesouza"]
[WhiteElo "2310"]
[BlackElo "2310"]
[Result "1-0"]
[Round "1"]
1.d4 d5
2.c4 e6
3.Nb1c3 Ng8f6
4.cxd5 exd5
5.Bc1g5 Bf8e7
6.e3 O-O
7.Bf1d3 c6
8.Qd1c2 Nb8d7
9.Ng1e2 Rf8e8
10.O-O Nd7f8
11.f3 Nf8g6
12.Ra1d1 Nf6h5
13.Bg5xe7 Qd8xe7
14.e4 Nh5f4
15.Ne2xf4 Ng6xf4
16.exd5 Nf4xd5
17.Nc3xd5 cxd5
18.Bd3xh7 Kh8
19.Bh7d3 Bc8d7
20.Qc2c7 Bd7c6
21.Qc7xe7 Re8xe7
22.Rf1e1 Ra8e8
23.Re1xe7 Re8xe7
24.Kf2 g6
25.Rd1c1 g5
26.b4 a6
27.Bd3xa6 Kg7
28.Rc1c5 Re7c7
29.b5 bxa6
30.Rc5xc6 Rc7b7
31.b6 Kf8
32.f4 gxf4
33.Kf3 Rb7e7
34.Rc6c7 Re7e6
35.b7 { resign }
1-0

[Event "Tourn. n9150"]
[Site "www.chess-mail.com"]
[Date "2017.04.02"]
[Round "1"]
[White "Sachpat"]
[Black "Szustan"]
[WhiteElo "2580"]
[BlackElo "2660"]
[Result "1-0"]
[Round "1"]
1.e4 e5
2.Ng1f3 Nb8c6
3.Bf1b5 a6
4.Bb5a4 Ng8f6
5.O-O Nf6xe4
6.d4 b5
7.Ba4b3 d5
8.dxe5 Bc8e6
9.Nb1d2 Ne4c5
10.c3 Bf8e7
11.Bb3c2 Be6g4
12.Rf1e1 d4
13.Nd2b3 d3
14.Bc2b1 Nc5xb3
15.axb3 Bg4f5
16.Bc1e3 O-O
17.Be3d4 d2
18.Qd1xd2 Bf5xb1
19.Ra1xb1 a5
20.Qd2c2 Qd8d7
21.e6 fxe6
22.Rb1d1 Nc6xd4
23.Rd1xd4 Qd7e8
24.Re1xe6 Qe8f7
25.Rd4e4 Be7d6
26.Re4e1 a4
27.b4 a3
28.bxa3 Ra8xa3
29.h3 h6
30.Qc2c1 Rf8a8
31.Nf3d4 Ra3a2
32.Qc1e3 Ra8f8
33.Re1f1 Qf7d7
34.Qe3d3 Qd7f7
35.Re6e2 Ra2xe2
36.Qd3xe2 Qf7c4
37.Qe2xc4 bxc4
38.Rf1e1 Rf8a8
39.Kf1 Ra8a3
40.Nd4b5 Ra3b3
41.Re1e3 h5
42.Nb5xd6 cxd6
43.Re3f3 Rb3b2
44.Rf3f4 d5
45.Rf4d4 Rb2c2
46.Rd4xd5 g6
47.Rd5g5 Kf7
48.Rg5g3 h4
49.Rg3g4 Rc2xc3
50.Ke2 Rc3b3
51.Rg4xc4 Rb3b2
52.Kf3 g5
53.g3 hxg3
54.fxg3 { resign }
1-0

[Event "Tourn. n9156"]
[Site "www.chess-mail.com"]
[Date "2017.04.02"]
[Round "1"]
[White "Paaliaq"]
[Black "Bronstein70"]
[WhiteElo "2660"]
[BlackElo "2350"]
[Result "0-1"]
[Round "1"]
1.d4 f5
2.g3 Ng8f6
3.Bf1g2 g6
4.c4 d6
5.Ng1f3 Bf8g7
6.O-O O-O
7.Nb1c3 Nb8c6
8.d5 Nc6a5
9.b3 Nf6e4
10.Nc3xe4 Bg7xa1
11.Ne4g5 c5
12.e4 fxe4
13.Nf3h4 e3
14.Bc1xe3 Ba1f6
15.Rf1e1 e5
16.dxe6 Bf6xg5
17.Be3xg5 Qd8xg5
18.e7 Rf8e8
19.Qd1a1 h5
20.Bg2d5 Kh7
21.f4 Qg5h6
22.Bd5f7 Bc8f5
23.Nh4xf5 gxf5
24.Qa1d1 Kg7
25.Re1e6 Qh6h7
26.Bf7xe8 Ra8xe8
27.Qd1a1 Kg8
28.Qa1f6 Na5c6
29.Qf6g5 Qh7g7
30.Re6g6 Re8xe7
31.Rg6xg7 Re7xg7
32.Qg5xf5 Nc6d4
33.Qf5xh5 b6
34.Qh5d5 Rg7f7
35.Kf2 Kg7
36.Qd5xd6 Nd4f5
37.Qd6e5 Kf8
38.g4 Nf5g7
39.h4 Rf7e7
40.Qe5f6 Re7f7
41.Qf6d6 Kg8
42.Kf3 Ng7e8
43.Qd6g6 Kf8
 { time }
0-1

[Event "Tourn. n9248"]
[Site "www.chess-mail.com"]
[Date "2017.04.02"]
[Round "1"]
[White "Cal"]
[Black "Vasylpuzanov"]
[WhiteElo "1710"]
[BlackElo "1620"]
[Result "1-0"]
[Round "1"]
1.Nb1c3 d5
2.d4 Ng8f6
3.h3 Bc8f5
4.a3 Nb8c6
5.Bc1g5 e6
6.e3 Bf8e7
7.Ng1f3 h6
8.Bg5xf6 Be7xf6
9.b4 a6
10.Bf1d3 Bf5xd3
11.Qd1xd3 Nc6e7
12.O-O Ne7g6
13.Nc3e2 O-O
14.Ne2g3 Qd8d6
15.Nf3h2 Bf6e7
16.f4 Be7h4
17.Ng3h5 f5
18.c4 c6
19.Nh2f3 Bh4e7
20.Nf3e5 Ng6xe5
21.c5 Qd6d7
22.dxe5 Qd7e8
23.Rf1f3 Qe8xh5
24.Rf3g3 Be7h4
25.Rg3f3 Qh5g6
26.Ra1a2 Bh4e7
27.Kh2 Qg6h5
28.Rf3g3 g5
{ time. }
1-0

[Event "Tourn. n9156"]
[Site "www.chess-mail.com"]
[Date "2017.04.02"]
[Round "1"]
[White "Paaliaq"]
[Black "Giampaolo"]
[WhiteElo "2660"]
[BlackElo "2490"]
[Result "0-1"]
[Round "1"]
1.e4 e5
2.Ng1f3 Ng8f6
3.Nf3xe5 d6
4.Ne5f3 Nf6xe4
5.d4 d5
6.Bf1d3 Bf8e7
7.O-O O-O
8.Rf1e1 Bc8f5
9.c4 c6
10.Qd1c2 Rf8e8
11.Nb1c3 Nb8a6
12.a3 Be7f6
13.Bc1f4 Na6c7
14.cxd5 Ne4xc3
15.Bd3xf5 Nc3xd5
16.Bf5xh7 Kf8
17.Bf4d2 Nc7e6
18.Re1e4 Qd8b6
19.Qc2d3 Ra8d8
20.Ra1e1 Qb6xb2
21.Re1b1 Qb2a2
22.Bh7f5 Nd5b6
23.Rb1e1 Qa2d5
24.Nf3e5 Bf6xe5
25.Re4xe5 Qd5xd4
26.Qd3h3 Qd4xd2
27.Qh3h8 Ke7
28.Qh8xg7 Kd6
29.Qg7xf7 Ne6g7
30.Qf7f6 Kc7
31.Qf6xg7 Nb6d7
32.Re5xe8 Rd8xe8
33.Qg7g3 Kb6
 { time }
0-1

[Event "Tourn. n9292"]
[Site "www.chess-mail.com"]
[Date "2017.04.02"]
[Round "1"]
[White "Mrmoto"]
[Black "Castletyme"]
[WhiteElo "1680"]
[BlackElo "1700"]
[Result "0-1"]
[Round "1"]
1.e4 e6
2.d4 d5
3.e5 Nb8c6
4.f4 Ng8e7
5.Nb1c3 Ne7f5
6.g4 Nf5xd4
7.Ng1f3 Nd4xf3
8.Qd1xf3 Bf8e7
9.Bc1d2 Nc6d4
10.Qf3d1 Be7h4

0-1

[Event "Tourn. n8893"]
[Site "www.chess-mail.com"]
[Date "2017.04.02"]
[Round "1"]
[White "Nimzo"]
[Black "Ejner"]
[WhiteElo "2840"]
[BlackElo "2440"]
[Result "1-0"]
[Round "1"]
1.d4 Ng8f6
2.c4 e6
3.Nb1c3 Bf8b4
4.Qd1c2 Nb8c6
5.Ng1f3 d6
6.Bc1d2 O-O
7.a3 Bb4xc3
8.Bd2xc3 Qd8e7
9.e3 e5
10.d5 Nc6b8
11.Nf3d2 c6
12.dxc6 Nb8xc6
13.Bf1d3 Nc6d4
14.Qc2b1 Nd4e6
15.O-O Ne6c5
16.Bd3c2 Bc8d7
17.Qb1d1 Bd7c6
18.b4 Nc5e4
19.Bc3b2 Ne4xd2
20.Qd1xd2 Bc6e4
21.Bc2b3 b6
22.Rf1d1 Rf8d8
23.f3 Be4f5
24.e4 Bf5e6
25.Ra1c1 Ra8c8
26.a4 Nf6e8
27.Bb2a3 f6
28.Qd2d3 Qe7f7
29.b5 Rd8d7
30.Rc1c3 Rd7c7
31.Rd1c1 h6
32.Ba3b4 Kh8
33.a5 bxa5
34.Bb4xa5 Rc7d7
35.Bb3a4 Rd7b7
36.Qd3e2 Rc8c5
37.Rc3c2 Rb7b8
38.Ba5e1 Rb8c8
39.Ba4b3 Rc5c7
40.Be1f2 Kh7
41.h3 Rc7b7
42.Rc1a1 Rc8c7
43.Kh2 f5
44.exf5 Be6xf5
45.Rc2a2 Qf7e7
46.Ra2a6 Ne8f6
47.Qe2e3 Nf6d7
48.Ra6xa7 Rb7xa7
49.Ra1xa7 Nd7c5
50.Ra7xc7 Qe7xc7
51.Bb3d1 Qc7a5
52.f4 Qa5a1
53.Bd1g4 Bf5xg4
54.hxg4 e4
55.g5 Qa1f1
56.Qe3g3 hxg5
57.Bf2xc5 dxc5
58.b6 Qf1xc4
59.b7 { resign }
1-0

[Event "Tourn. n9248"]
[Site "www.chess-mail.com"]
[Date "2017.04.02"]
[Round "1"]
[White "Vasylpuzanov"]
[Black "Albertf"]
[WhiteElo "1620"]
[BlackElo "1790"]
[Result "0-1"]
[Round "1"]
1.e4 e5
2.f4 d5
3.exd5 Qd8xd5
4.Nb1c3 Qd5e6
5.fxe5 Qe6xe5
6.Bf1e2 Bc8g4
7.d4 Qe5e6
8.Bc1f4 Bf8b4
9.Qd1d2 Bg4xe2
10.Ng1xe2 Ng8f6
11.O-O O-O
12.Ra1e1 Qe6b6
13.Bf4e3 Nf6e4
14.Qd2d3 Ne4xc3
15.Ne2xc3 Nb8d7
16.a3 Bb4xc3
17.bxc3 { time. }
0-1

[Event "Tourn. n9228"]
[Site "www.chess-mail.com"]
[Date "2017.04.02"]
[Round "1"]
[White "Genius7"]
[Black "Albertf"]
[WhiteElo "1940"]
[BlackElo "1780"]
[Result "0-1"]
[Round "1"]
1.d4 d5
2.c4 e6
3.Nb1c3 c6
4.e3 Bf8b4
5.Ng1f3 Ng8f6
6.Bc1d2 Qd8a5
7.a3 Bb4xc3
8.Bd2xc3 Qa5d8
9.Bf1d3 Nb8d7
10.O-O O-O
11.cxd5 cxd5
12.Qd1e2 b6
13.Ra1c1 Rf8e8
14.Bd3a6 Nf6e4
15.Ba6xc8 Ra8xc8
16.Bc3d2 Ne4xd2
17.Qe2xd2 Nd7f6
18.Rc1xc8 Qd8xc8
19.Rf1c1 Qc8b7
20.h3 Nf6e4
21.Qd2d3 Re8c8
22.Rc1xc8 Qb7xc8
 { time }
0-1

[Event "Match"]
[Site "www.echecsemail.com"]
[Date "2017.04.02"]
[Round "1"]
[White "Midknightblu"]
[Black "Sonny1000"]
[WhiteElo "1679"]
[BlackElo "1350"]
[Result "1-0"]
[Round "1"]
1.e4 e5
2.Nb1c3 c6
3.Ng1f3 f6
4.Bf1c4 b5
5.Bc4d3 Ng8h6
6.h3 Bf8c5
7.Qd1e2 Qd8b6
8.O-O Rh8g8
9.Nf3h4 Bc5d4
10.Nh4f5 Bd4xc3
11.dxc3 Nh6xf5
12.exf5 d5
13.Qe2h5 g6
14.Qh5xh7 g5
15.Qh7xg8 Kd7
16.Qg8f7 Kd6
17.Qf7xf6 Kc5
18.Bc1e3 d4
19.Qf6xe5 { resign }
1-0

[Event "Match"]
[Site "www.echecsemail.com"]
[Date "2017.04.02"]
[Round "1"]
[White "Gambitmiau"]
[Black "Coolant"]
[WhiteElo "1910"]
[BlackElo "1499"]
[Result "0-1"]
[Round "1"]
1.e4 Nb8c6
2.Bf1b5 Nc6d4
3.Bb5d3 e5
4.Ng1f3 Nd4xf3
5.Qd1xf3 Ng8f6
6.O-O Bf8c5
7.Bd3c4 O-O
8.d3 h6
9.Qf3g3 d6
10.h3 Kh7
11.Bc1e3 Qd8e7
12.Be3xc5 dxc5
13.f4 exf4
14.Qg3xf4 Bc8e6
15.Bc4xe6 fxe6
16.Nb1c3 c6
17.e5 Nf6d5
18.Qf4d2 Rf8xf1
19.Ra1xf1 Ra8f8
20.Qd2e1 Rf8xf1
21.Kxf1 Qe7f7
22.Kg1 Nd5b4
23.Qe1e4 Qf7f5
24.a3 Nb4xc2
25.g4 Qf5xe4
26.Nc3xe4 b6
27.Kf2 Nc2d4
28.Ne4d6 a5
29.Ke3 a4
30.Nd6c4 b5
31.Nc4a5 Kg8
32.h4 Kf7
33.b4 cxb4
34.axb4 Nd4c2
35.Kd2 Nc2xb4
36.d4 a3
37.Na5b3 Nb4d5
38.Kc1 g5
39.Kb1 gxh4
40.Nb3d2 Nd5e3
41.Nd2f3 h3
42.Ka2 b4
43.g5 Kg6
44.gxh6 Kxh6
45.Kb3 Ne3f5
46.Ka2 Nf5xd4
47.Nf3h2 Kg5
{ resign }
0-1

[Event "Match"]
[Site "www.echecsemail.com"]
[Date "2017.04.02"]
[Round "1"]
[White "Llord"]
[Black "Darknight"]
[WhiteElo "2020"]
[BlackElo "1730"]
[Result "1/2-1/2"]
[Round "1"]
1.e4 e5
2.Ng1f3 d6
3.Nb1c3 c6
4.Bf1c4 h6
5.O-O Bc8g4
6.h3 h5
7.Bc4e2 Bg4xf3
8.Be2xf3 g6
9.d3 Qd8h4
10.Bc1d2 b5
11.a3 g5
12.g3 Qh4xh3
13.Bf3g2 Qh3e6
14.Bd2xg5 Nb8d7
15.Kh2 f6
16.Bg2h3 Qe6f7
17.Bg5h4 Ng8e7
18.a4 b4
19.Nc3a2 c5
20.c3 a5
21.Na2c1 Ne7g6
22.Bh3xd7 Kxd7
23.Nc1b3 d5
24.Nb3xc5 Bf8xc5
25.d4 Bc5d6
26.dxe5 Ng6xe5
27.exd5 Ra8c8
28.cxb4 Bd6xb4
29.Ra1c1 Rc8g8
30.f4 Ne5g4
31.Kh3 Ng4e3
32.Qd1e2 Ne3xf1
33.Qe2b5 Ke7
34.Rc1c7 Kf8
35.Rc7xf7 Kxf7
36.Qb5xf1 Rg8g4
37.Qf1c4 Rg4g8
38.d6 Kg7
39.Qc4c7 Kh6
40.Bh4xf6 Rh8h7
41.Bf6g5 Kg6
42.Qc7c2 Kg7
43.d7 Kh8
44.Bg5f6 Rh7g7
45.Bf6xg7 Kxg7
46.Qc2c8 Bb4e7
47.Qc8c3 Be7f6
48.Qc3c7 Rg8d8
49.g4 hxg4
50.Kxg4 Kf7
51.Qc7xa5 Rd8xd7
52.Qa5b5 Ke8
53.a5 Bf6d4
54.a6 Ke7
55.b4 Rd7d6
56.a7 Bd4xa7
57.Qb5b7 Rd6d7
58.Qb7e4 Kd8
59.f5 Rd7d4
{ draw }
1/2-1/2

[Event "1/8 Finale"]
[Site "www.chess-mail.com"]
[Date "2017.04.02"]
[Round "1"]
[White "Shirovkirk"]
[Black "Buchauer"]
[WhiteElo "2420"]
[BlackElo "2780"]
[Result "0-1"]
[Round "1"]
1.e4 e6
2.d4 d5
3.Nb1c3 Ng8f6
4.e5 Nf6d7
5.f4 c5
6.Ng1f3 Nb8c6
7.Bc1e3 Bf8e7
8.dxc5 Be7xc5
9.Qd1d2 Qd8b6
10.Be3xc5 Nd7xc5
11.O-O-O Bc8d7
12.Kb1 O-O-O
13.Bf1e2 Kb8
14.Rh1e1 Nc6e7
15.Nf3d4 h5
16.Qd2e3 g6
 { time }
0-1

[Event "1/32 Finale"]
[Site "www.chess-mail.com"]
[Date "2017.04.02"]
[Round "1"]
[White "Stepanpech"]
[Black "Gambitplayer"]
[WhiteElo "2220"]
[BlackElo "1710"]
[Result "1-0"]
[Round "1"]
1.d4 d5
2.c4 e6
3.Nb1c3 Ng8f6
4.Bc1g5 Bf8e7
5.e3 O-O
6.Ng1f3 c6
7.Bf1d3 Nb8d7
8.cxd5 exd5
9.Qd1c2 h6
10.Bg5h4 Rf8e8
11.O-O Nd7f8
12.Rf1e1 Nf8e6
13.Ra1b1 a6
14.h3  { time }
1-0

[Event "1/64 Finale"]
[Site "www.chess-mail.com"]
[Date "2017.04.02"]
[Round "1"]
[White "Vasylpuzanov"]
[Black "Redapond1"]
[WhiteElo "1560"]
[BlackElo "1690"]
[Result "0-1"]
[Round "1"]
1.e4 e5
2.f4 exf4
3.Ng1f3 Bf8c5
4.d4 Bc5b6
5.Bc1xf4 d5
6.e5 Bc8g4
7.Bf1e2 Nb8c6
8.Nb1d2 Bg4xf3
9.Nd2xf3 Ng8e7
10.O-O O-O
11.c3 Ne7g6
12.Bf4g5 Qd8d7
13.h3 Nc6xe5
14.Nf3xe5 Ng6xe5
15.Kh1 Ne5g6
16.Qd1d2 c6
17.Be2g4 Qd7d6
18.Ra1e1 Bb6c7
19.g3 Qd6xg3
20.Qd2g2 Qg3xg2
21.Kxg2 Ra8e8
22.Bg5d2 Re8xe1
23.Rf1xe1 Bc7f4
24.Bd2xf4 { time. }
0-1

[Event "1/64 Finale"]
[Site "www.chess-mail.com"]
[Date "2017.04.02"]
[Round "1"]
[White "Ingauno64"]
[Black "Passaroa25"]
[WhiteElo "2660"]
[BlackElo "1610"]
[Result "1-0"]
[Round "1"]
1.Ng1f3 c6
2.g3 d5
3.Bf1g2 f6
4.d4 Bc8e6
5.O-O Be6f7
6.b3 e6
7.Bc1b2 Ng8e7
8.Nb1d2 Ne7g6
9.e4 Nb8d7
10.exd5 exd5
11.Rf1e1 Bf8e7
12.h4 h5
13.Bg2h3 O-O
14.Nf3h2 Nd7b6
15.Bh3e6 Bf7xe6
16.Re1xe6 Qd8d7
17.Qd1e2 Ra8e8
18.Ra1e1 Rf8f7
19.Qe2xh5 Ng6h8
20.Qh5e2 Nh8g6
21.Re6e3 f5
22.f4 Be7f6
23.Re3xe8 Rf7f8
24.Re8xf8 Ng6xf8
25.Nh2f3 Nf8e6
26.Qe2xe6 Qd7xe6
27.Re1xe6 Kf7
28.Re6xf6 Kxf6
29.Nf3e5 Ke7
30.h5 Nb6d7
31.Ne5xd7 Kxd7
32.Kh2 b5
33.Kh3 Ke6
34.Kh4 a5
35.Kg5 b4
36.Kg6 Kd6
37.Kxg7 c5
38.h6 { resign }
1-0

[Event "Eq:Slap Shot Mates-Latinoamerica : "]
[Site "www.chess-mail.com"]
[Date "2017.04.02"]
[Round "1"]
[White "Geodad5"]
[Black "Obisporey"]
[WhiteElo "2190"]
[BlackElo "2660"]
[Result "0-1"]
[Round "1"]
1.e4 c5
2.Ng1f3 Nb8c6
3.d4 cxd4
4.Nf3xd4 g6
5.Nd4xc6 bxc6
6.Bf1c4 Bf8g7
7.Qd1f3 Ng8f6
8.O-O d5
9.exd5 Bc8g4
10.Qf3e3 cxd5
11.Bc4b5 Bg4d7
12.Bb5xd7 Qd8xd7
13.Rf1e1 O-O
14.Qe3xe7 Rf8e8
15.Qe7xe8 Ra8xe8
16.Re1d1 Nf6g4
17.h3 Ng4xf2
18.Kxf2 Qd7f5
19.Kg1 Bg7d4
20.Rd1xd4 Re8e1
21.Kh2 Qf5e5
{ resign }
0-1

[Event "Eq:Slap Shot Mates-Equipo Juan Diaz : "]
[Site "www.chess-mail.com"]
[Date "2017.04.02"]
[Round "1"]
[White "Yomismista"]
[Black "Mustaphly"]
[WhiteElo "2530"]
[BlackElo "2750"]
[Result "0-1"]
[Round "1"]
1.d4 Ng8f6
2.c4 e6
3.Nb1c3 Bf8b4
4.Qd1c2 O-O
5.a3 Bb4xc3
6.Qc2xc3 b6
7.Bc1g5 Bc8b7
8.f3 h6
9.Bg5h4 d5
10.e3 Rf8e8
 { time }
0-1

[Event "Tourn. n9282"]
[Site "www.chess-mail.com"]
[Date "2017.04.03"]
[Round "1"]
[White "Gambitplayer"]
[Black "Picifarkinca"]
[WhiteElo "1800"]
[BlackElo "1900"]
[Result "0-1"]
[Round "1"]
1.e4 c6
2.d4 d5
3.exd5 cxd5
4.Ng1f3 Ng8f6
5.Bf1d3 e6
6.O-O Nb8c6
7.c3 Bf8e7
8.Nb1d2 O-O
9.Rf1e1 Qd8c7
10.Nf3e5 Be7d6
11.Nd2f3 Nc6e7
 { time }
0-1

[Event "Tourn. n9280"]
[Site "www.chess-mail.com"]
[Date "2017.04.03"]
[Round "1"]
[White "Formargo"]
[Black "Gambitplayer"]
[WhiteElo "1600"]
[BlackElo "1800"]
[Result "1-0"]
[Round "1"]
1.e4 c5
2.Ng1f3 d6
3.d4 cxd4
4.Nf3xd4 Ng8f6
5.Nb1c3 g6
6.Bc1e3 Bf8g7
7.f3 O-O
8.Qd1d2 Nb8c6
9.Bf1c4  { time }
1-0

[Event "Tourn. n9257"]
[Site "www.chess-mail.com"]
[Date "2017.04.03"]
[Round "1"]
[White "Gimmyg"]
[Black "Szustan"]
[WhiteElo "2500"]
[BlackElo "2650"]
[Result "1/2-1/2"]
[Round "1"]
1.Ng1f3 Nb8c6
2.c4 e5
3.d3 Ng8f6
4.g3 Bf8e7
5.Bf1g2 d6
6.Nb1c3 O-O
7.O-O h6
8.Bc1d2 Bc8e6
9.Qd1b3 Nc6a5
10.Qb3b5 c6
11.Qb5a4 c5
12.b4 cxb4
13.Qa4xb4 d5
14.Qb4a4 dxc4
15.Nf3xe5 cxd3
16.exd3 Be7d6
17.d4 a6
18.Qa4d1 Ra8c8
19.Nc3e4 Bd6e7
20.Ne4xf6 Be7xf6
21.Bd2b4 Rf8e8
22.Qd1a4 Na5c4
23.Bg2xb7 Bf6xe5
24.dxe5 Nc4xe5
25.Bb4a5 Qd8e7
26.Qa4b4 Qe7xb4
27.Ba5xb4 Rc8b8
28.Bb4d6 Rb8xb7
29.Bd6xe5 { draw }
1/2-1/2

[Event "Tourn. n9272"]
[Site "www.chess-mail.com"]
[Date "2017.04.03"]
[Round "1"]
[White "Attatroll"]
[Black "Mihaiiorga"]
[WhiteElo "1970"]
[BlackElo "2040"]
[Result "0-1"]
[Round "1"]
1.d4 d6
2.c4 Ng8f6
3.Nb1c3 g6
4.Bc1f4 Bf8g7
5.e3 Nb8d7
6.Ng1f3 O-O
7.Bf1d3 Rf8e8
8.O-O e5
9.dxe5 dxe5
10.Bf4g5 h6
11.Bg5h4 g5
12.Bh4g3 e4
13.Nc3b5 exf3
14.Nb5xc7 fxg2
15.Kxg2 Nd7c5
16.Bd3c2 Bc8d7
17.Nc7xa8 Qd8xa8
18.b4 b6
19.Kg1 Bd7h3
20.bxc5 Qa8g2

0-1

[Event "Tourn. n9257"]
[Site "www.chess-mail.com"]
[Date "2017.04.03"]
[Round "1"]
[White "Momahony"]
[Black "Gimmyg"]
[WhiteElo "2299"]
[BlackElo "2500"]
[Result "0-1"]
[Round "1"]
1.d4 Ng8f6
2.Ng1f3 e6
3.Bc1f4 c5
4.e3 cxd4
5.exd4 Qd8b6
6.Nb1c3 Nb8c6
7.Ra1b1 Qb6a5
8.Bf1d3 Nc6b4
9.O-O Nb4xd3
10.Qd1xd3 Bf8e7
11.Rf1e1 O-O
12.a3 d6
13.Re1e2 Bc8d7
14.h3 Bd7c6
15.Rb1e1 Ra8c8
16.Bf4c1 Nf6d5
17.Bc1d2 Nd5xc3
18.Bd2xc3 Qa5b5
19.Qd3xb5 Bc6xb5
20.Re2e3 Rf8e8
21.Re3e4 Bb5c6
22.Re4e3 h6
23.g3 Be7f6
24.h4 Rc8c7
25.Nf3d2 Re8c8
26.Nd2e4 Bf6e7
27.Ne4d2 Bc6d5
28.Nd2f1 b6
29.Nf1h2 a5
30.f4 Rc7c4
31.Nh2g4 f5
32.Ng4f2 Be7f6
33.Re1d1 b5
34.Nf2d3 Rc4xc3
35.bxc3 Rc8xc3
36.Rd1d2 Bf6xd4
37.Kf2 Rc3xa3
38.Ke2 Ra3a1
39.Re3f3 Bd5xf3
40.Kxf3 e5
41.fxe5 dxe5
42.Nd3f2 Ra1f1
43.Kg2 Rf1xf2
{ resign }
0-1

[Event "Tourn. n9185"]
[Site "www.chess-mail.com"]
[Date "2017.04.03"]
[Round "1"]
[White "Numanoid"]
[Black "Paaliaq"]
[WhiteElo "2410"]
[BlackElo "2660"]
[Result "1-0"]
[Round "1"]
1.d4 f5
2.Bc1g5 Ng8f6
3.Bg5xf6 exf6
4.e3 d5
5.Bf1d3 c5
6.dxc5 Bf8xc5
7.Ng1e2 Nb8c6
8.c3 O-O
9.Nb1d2 Rf8e8
10.O-O g6
11.Ne2f4 Bc8e6
12.Nd2b3 Bc5b6
13.Nf4xe6 Re8xe6
14.Nb3d4 Re6e7
15.Bd3e2 Qd8d6
16.g3 Bb6xd4
17.cxd4 Ra8c8
18.Qd1d2 Re7c7
19.Rf1c1 Kf7
20.Rc1c3 Nc6e7
21.Ra1c1 Qd6b4
22.a3  { time }
1-0

[Event "Tourn. n9267"]
[Site "www.chess-mail.com"]
[Date "2017.04.03"]
[Round "1"]
[White "Hansen"]
[Black "Cal"]
[WhiteElo "1610"]
[BlackElo "1630"]
[Result "0-1"]
[Round "1"]
1.e4 c5
2.Ng1f3 a6
3.Bf1c4 e6
4.Nf3e5 Bf8d6
5.Ne5g4 Nb8c6
6.a3 h6
7.b4 cxb4
8.a4 a5
9.d4 Nc6e7
10.e5 Bd6c7
11.f4 d5
12.Bc4d3 Bc8d7
13.c3 bxc3
14.Nb1xc3 Ne7c6
15.Bd3b5 Ng8e7
16.Bc1a3 b6
17.Bb5xc6 Bd7xc6
18.Ra1c1 O-O
19.Rh1f1 Ne7f5
20.Qd1d3 Rf8e8
21.g3 Qd8d7
22.Rf1f3 Bc6b7
23.Nc3b5 Bb7a6
24.Ng4e3 Ba6xb5
25.axb5 Nf5xe3
26.Rf3xe3 Ra8c8
27.h3 f5
28.g4 fxg4
29.hxg4 Qd7f7
30.Re3f3 h5
31.f5 hxg4
32.Rf3h3 exf5
33.Rh3h5 Qf7xh5
34.Kd2 Re8e6
35.Rc1f1 f4
36.Rf1xf4 Qh5h2
37.Kc3 Qh2xf4
38.Kc2 Bc7xe5
39.Kb3 Be5xd4
40.Ka2 Qf4f2
41.Kb3 Re6e3
42.Qd3xe3 Qf2xe3
43.Ka2 Rc8c2
44.Kb1 Qe3b3
{ resign }
0-1

[Event "Tourn. n9265"]
[Site "www.chess-mail.com"]
[Date "2017.04.03"]
[Round "1"]
[White "Libiesse"]
[Black "Vasylpuzanov"]
[WhiteElo "1810"]
[BlackElo "1640"]
[Result "1-0"]
[Round "1"]
1.d4 Ng8f6
2.c4 c5
3.d5 e6
4.Nb1c3 d6
5.Bc1g5 Bf8e7
6.dxe6 fxe6
7.e3 O-O
8.Ng1f3 a6
9.Bf1e2 Nb8c6
10.O-O h6
11.Bg5h4 d5
12.cxd5 Nf6xd5
13.Bh4xe7 Nc6xe7
14.Qd1c2 Bc8d7
15.Nf3e5 Qd8c7
16.Ne5xd7 Qc7xd7
17.Be2f3 Nd5xc3
18.Qc2xc3 Ra8c8
19.Rf1d1 Qd7c7
{ time. }
1-0

[Event "Tourn. n9209"]
[Site "www.chess-mail.com"]
[Date "2017.04.03"]
[Round "1"]
[White "Vasylpuzanov"]
[Black "Osmundw"]
[WhiteElo "1500"]
[BlackElo "1440"]
[Result "0-1"]
[Round "1"]
1.f4 d6
2.d4 Nb8c6
3.e4 Ng8f6
4.Nb1c3 d5
5.e5 Nf6e4
6.Ng1e2 b6
7.Bc1d2 Bc8a6
8.Nc3xe4 f6
9.Ne4c3 Ba6xe2
10.Nc3xe2 e6
11.c3 f5
12.g3 h5
13.Bf1g2 Rh8h6
14.c4 dxc4
15.Bg2xc6 Ke7
16.Bc6xa8 Qd8xa8
17.Rh1f1 Qa8g2
18.Bd2b4 Kd7
19.Bb4xf8 Rh6h8
20.Bf8a3 c5
21.dxc5 Kc6
22.Qd1d6 Kb5
23.Qd6d7 Ka6
24.Ra1d1 Qg2xh2
25.cxb6 Kxb6
26.Rd1d6 Ka5
27.Qd7c7 { time. }
0-1

[Event "Match"]
[Site "www.echecsemail.com"]
[Date "2017.04.03"]
[Round "1"]
[White "Szustan"]
[Black "Nimzo"]
[WhiteElo "2660"]
[BlackElo "2690"]
[Result "0-1"]
[Round "1"]
1.e4 e5
2.Ng1f3 Nb8c6
3.Nb1c3 Ng8f6
4.d4 exd4
5.Nc3d5 Nc6b4
6.Nd5xf6 Qd8xf6
7.Bf1c4 Bf8c5
8.O-O d6
9.e5 dxe5
10.c3 dxc3
11.Bc1g5 c2
12.Qd1e2 Qf6f5
13.h3 O-O
14.Bg5e3 e4
15.Nf3h4 Qf5e5
16.Be3xc5 Qe5xc5
17.a3 Nb4c6
18.Qe2xe4 Qc5d4
19.Rf1e1 Qd4xe4
20.Re1xe4 Rf8d8
21.Ra1c1 Rd8d1
22.Re4e1 Bc8e6
23.Bc4xe6 Rd1xe1
24.Rc1xe1 fxe6
25.Re1c1 Nc6d4
26.Kf1 Ra8d8
27.Ke1 Kf7
28.b4 Kf6
29.Nh4f3 Nd4xf3
30.gxf3 Rd8d1
{ resign }
0-1

[Event "Match"]
[Site "www.echecsemail.com"]
[Date "2017.04.03"]
[Round "1"]
[White "Sonny1000"]
[Black "Claymil"]
[WhiteElo "1320"]
[BlackElo "1829"]
[Result "0-1"]
[Round "1"]
1.d4 d5
2.Ng1f3 e6
3.Nf3e5 Bf8d6
4.Bc1f4 Nb8d7
5.Ne5xf7 Kxf7
6.Bf4xd6 cxd6
7.Nb1c3 Ng8f6
8.Nc3b5 Qd8a5
9.Qd1d2 Qa5xb5
10.e3 Qb5xb2
11.Qd2c1 Qb2c3
12.Kd1 Nf6e4
13.Ke2 Rh8f8
14.Qc1e1 Qc3xc2
15.Kf3 Kg8
16.Kg4 Ne4xf2
17.Kg3 Qc2g6
18.Kh4 Qg6g4
{ resign }
0-1

[Event "Match"]
[Site "www.echecsemail.com"]
[Date "2017.04.03"]
[Round "1"]
[White "Curtis73"]
[Black "Cal"]
[WhiteElo "1719"]
[BlackElo "1640"]
[Result "0-1"]
[Round "1"]
1.g3 Ng8f6
2.Bf1g2 d5
3.d4 e6
4.Ng1f3 h6
5.O-O a6
6.Nb1d2 Bf8d6
7.c4 dxc4
8.Nd2xc4 b5
9.Nc4xd6 cxd6
10.Qd1d3 Nb8c6
11.a3 Nf6d5
12.e4 Nd5f6
13.Bc1d2 O-O
14.Ra1c1 Bc8b7
15.Bd2c3 d5
16.e5 Nf6e4
17.Nf3d2 a5
18.Nd2xe4 f5
19.Ne4c5 Bb7c8
20.Qd3xb5 Qd8c7
21.Qb5a4 Bc8d7
22.Nc5xd7 Rf8f7
23.Nd7c5 Ra8b8
24.Nc5xe6 Qc7b6
25.Ne6c5 Rf7a7
26.Bg2xd5 Kh7
27.Qa4xc6 Ra7c7
28.Qc6xb6 Rb8xb6
29.b4 g5
30.Rf1e1 axb4
31.axb4 Kg6
32.e6 Rc7e7
33.Nc5d7 Rb6d6
34.Bd5b3 f4
35.g4 h5
36.Bb3c2 Kh6
 { time }
0-1

[Event "Match"]
[Site "www.echecsemail.com"]
[Date "2017.04.03"]
[Round "1"]
[White "Mitja"]
[Black "Bojan"]
[WhiteElo "1880"]
[BlackElo "2030"]
[Result "1-0"]
[Round "1"]
1.e3 a6
2.Qd1f3 c5
3.Bf1c4 e6
4.Nb1c3 Qd8f6
5.a3 d5
6.Bc4a2 b5
7.Qf3g3 Kd7
8.d3 Bf8d6
9.Qg3g4 c4
10.dxc4 bxc4
11.Nc3xd5 Qf6e5
12.Nd5b6 Kc7
13.Nb6xa8 Kb7
14.Qg4f3 Ka7
15.Qf3xf7 Bc8b7
16.Ng1f3 Qe5f6
17.Qf7xf6 Ng8xf6
18.Ba2xc4 Rh8e8
19.Bc4e2 Bb7xa8
20.O-O Nb8d7
21.Rf1d1 Bd6c5
22.b4 Bc5e7
23.Bc1b2 Ba8c6
24.Nf3d4 Bc6a4
25.Nd4xe6 Ba4xc2
26.Rd1d2 Bc2e4
27.Be2xa6 Nd7b6
28.Ba6e2 g6
29.Ra1c1 Nf6d5
30.Bb2d4 Kb7
31.Bd4xb6 Kxb6
32.f3 Be4f5
33.Ne6g7 Nd5f6
34.Ng7xe8 Nf6xe8
35.g4 Bf5e6
36.Rd2c2 Be6d7
37.Kg2 h5
38.gxh5 gxh5
39.Rc2d2 Bd7a4
40.Be2d1 Ba4c6
41.e4 Ne8g7
42.Bd1b3 Be7g5
43.Rc1xc6 Kxc6
44.Rd2d5 Bg5c1
45.a4 Bc1a3
46.b5 Kc7
47.Kg3 Ba3d6
48.e5 Bd6e7
49.f4 Ng7f5
50.Kf3 Nf5h6
51.h3 Be7h4
52.e6 Nh6g8
53.Rd5xh5 Bh4e7
54.Rh5h7 Kd6
55.Rh7xe7 Kxe7
56.f5 Ng8h6
57.Kf4 { resign }
1-0